Gujarat state gazetteers: Junagarh (Record no. 486935)

000 -LEADER
fixed length control field 00348cam a22001097a 4500
008 - FIXED-LENGTH DATA ELEMENTS--GENERAL INFORMATION
fixed length control field 180718b1975 xxu||||| |||| 00| 0 eng d
082 ## - DEWEY DECIMAL CLASSIFICATION NUMBER
Classification number A75 G949Ju
245 ## - TITLE STATEMENT
Title Gujarat state gazetteers: Junagarh
Statement of responsibility, etc. edited by S.B. Rajyagor
260 ## - PUBLICATION, DISTRIBUTION, ETC.
Place of publication, distribution, etc. Ahmedabad
Name of publisher, distributor, etc. Government Printing, Stationery and Publications
Date of publication, distribution, etc. 1975
300 ## - PHYSICAL DESCRIPTION
Extent 848+p.
700 ## - ADDED ENTRY--PERSONAL NAME
Personal name Rajyagor, S.B.
Holdings
Withdrawn status Lost status Damaged status Not for loan Permanent Location Current Location Date acquired Full call number Barcode Date last seen Price effective from Koha item type
        Indian Institute of Public Administration Indian Institute of Public Administration 2018-08-04 A75 G949Ju G13563 2018-08-04 2018-08-04 G

Powered by Koha